00454 a2200145 4500001000700000020001800007040002200025041001600047082002600063100002900089245014000118260002900258300000800287362001300295130922 a85-224-0797-5 cLeonardo Da Vinci aPortuguês a658.4013 G392qbG392q aGIL, Antonio de Loureiro aQualidade total nas organizaçõesbindicadores de qualidade, gestão econômica da qualidade e sistemas especialistas de qualidade bAtlasc1992aSão Paulo a110 a19920000